| 000 | 00695nam a22001817a 4500 | ||
|---|---|---|---|
| 999 |
_c80543 _d80543 |
||
| 008 | 201130b ||||| |||| 00| 0 eng d | ||
| 040 |
_bger _cSTAFF _erda _aSTAFF |
||
| 041 | _ager | ||
| 245 |
_aSportfamilie trauert um "Traber": _bSportlegende Gerhard Schulz war 43 Jahre lang Sportlehrer, aktiver Fußballer und 33 Jahre Kamieth-Halllensprecher |
||
| 600 |
_aSchulz, Gerhard _d(1925 - 2020) |
||
| 650 | _2Frankfurt (Oder) | ||
| 653 | _aFußballsport | ||
| 773 |
_dFrankfurt (Oder): Märkisches Verlags- und Druckhaus GmbH & Co KG _g32. Jahrgang (2021) Nr. 4 vom 06.01.2021, S. 13 _tMärkische Oderzeitung |
||
| 942 | _cA | ||